VEIL: THE SECRET WARS OF THE CIA (Record no. 27920)
[ view plain ]
| 000 -LEADER | |
|---|---|
| fixed length control field | 00316nam a22001457a 4500 |
| 003 - CONTROL NUMBER IDENTIFIER | |
| control field | SGT |
| 020 ## - INTERNATIONAL STANDARD BOOK NUMBER | |
| International Standard Book Number | 0971655434 |
| 082 ## - DEWEY DECIMAL CLASSIFICATION NUMBER | |
| Classification number | 954 |
| Item number | V87W |
| 100 ## - MAIN ENTRY--PERSONAL NAME | |
| Personal name | WOODWARD, BOB |
| 245 ## - TITLE STATEMENT | |
| Title | VEIL: THE SECRET WARS OF THE CIA |
| 260 ## - PUBLICATION, DISTRIBUTION, ETC. (IMPRINT) | |
| Name of publisher, distributor, etc | SIMON SCHUSTER |
| Year of Publication | 1987 |
| 300 ## - PAGE DESCRIPTION | |
| No. of Pages | 543 |
| 650 ## - SUBJECT ADDED ENTRY--TOPICAL TERM | |
| Topical term or geographic name as entry element | INDIAN HISTORY |
| 942 ## - ADDED ENTRY ELEMENTS (KOHA) | |
| Source of classification or shelving scheme | Dewey Decimal Classification |
| Koha item type | Books |
| Withdrawn status | Lost status | Source of classification or shelving scheme | Damaged status | Not for loan | Home library | Current library | Shelving location | Date acquired | SGTU | Total Checkouts | Full call number | Accession No. (Barcode) | Date last seen | Bill Date | Koha item type |
|---|---|---|---|---|---|---|---|---|---|---|---|---|---|---|---|
| Dewey Decimal Classification | Not For Loan | SGT Chancellor's Library | SGT Chancellor's Library | Reference Book | 03/12/2024 | SGTU | 954 V87W | CH917 | 03/12/2024 | 03/12/2024 | Books |